| 000 | 00754nam#a22002655a#4500 | ||
|---|---|---|---|
| 001 | 2191 | ||
| 008 | 140310s2012####ag############001#fdspa#d | ||
| 245 | 1 | 3 |
_aRafaela / _cMariana Furiasse ; dirigido por Lidia Mazzalomo ; edición literaria a cargo de Susana Aime. |
| 250 | _a1ª ed. 11ª reimp. | ||
| 260 |
_aBuenos Aires : _bEdiciones SM, _c2012. |
||
| 300 |
_a128 p. : _bil. ; _c19 cm. |
||
| 490 | 0 | _aEl barco de vapor. | |
| 020 | _a9789871098194 | ||
| 100 | 1 | _aFuriasse, Mariana. | |
| 700 | 1 |
_aMazzalomo, Lidia. _4pbd |
|
| 700 | 1 |
_aAime, Susana. _4edt |
|
| 080 | _a82-311.1 | ||
| 084 | _aF97 | ||
| 653 | _aLiteratura juvenil | ||
| 653 | _aNovelas | ||
| 040 |
_aAR-ClEAG _cAR-ClEAG |
||
| 005 | 20241107184736.0 | ||
| 003 | AR-ClEAG | ||
| 942 | _cBK | ||
| 999 |
_c2191 _d2191 |
||
| 980 |
_62 _aEvangelina Gallicchio _82 _gEvangelina Gallicchio |
||